| 000 | 00416nam a2200169Ia 4500 | ||
|---|---|---|---|
| 008 | 221030s9999 xx 000 0 und d | ||
| 020 | _a813150218X | ||
| 041 | _aEnglish | ||
| 082 | _a105.23 | ||
| 100 | _aD. Graham | ||
| 245 | 0 | _aFoundations of Software testing - ISTQB Certification | |
| 260 |
_bThomson Learning _aBoston _c2007 |
||
| 300 | _a258 | ||
| 650 | _aBE Computer | ||
| 700 | _aI. Evans | ||
| 942 | _cBK | ||
| 999 |
_c5694 _d5694 |
||